000 00389nam a2200169Ia 4500
001 2415
003 IN-NITTTR
005 20251114232930.0
008 251113s9999||||xx |||||||||||||| ||eng||
040 _beng
040 _cIN-NITTTR
041 _aeng
082 _a621.313
100 _aKhera, Lalit Kishore
245 0 _aElectric power systems /
_cKhera, Lalit Kishore
942 _2ddc
_cBK
999 _c3741
_d3741